000 00708cam5a220022900 4500
001 qce01805841
005 20190830103621.0
008 770217s1952 inu 001 0 eng u
010 _a 52000951
035 _a(Sirsi) r111227
035 _a(QCAT)lss01496357
035 _a(UPRA)qce01805841
040 _dUPRA
100 1 _aParker, Reginald, 1904-
_dParker, Reginald, 1904-
_6A71578.1
245 1 0 _aAdministrative law :
_ba text.
260 _aIndianapolis :
_bBobbs-Merrill,
_c[1952]
504 _aBibliographical footnotes.
504 _aBibliography: p. 313-322.
650 0 _aAdministrative law.
_6S32125.1
949 _aKB22
_wlcc
_i33729000321187
_mMAIN
_p2500
_tBOOK
_lON-SHELF
004 111227
999 _c184645
_d184645